Les 10 pays ayant fourni le plus de migrants - Statistiques

Statistiques générales
  • Ce quiz a été pris 156 fois
  • Le résultat moyen est 7 sur 10
Statistiques - réponses
Hint Réponse % Correct
15,9 Inde
87%
9,7 Chine
86%
10,4 Russie
78%
12,5 Mexique
77%
6,2 Syrie
70%
5,8 Ukraine
65%
5,9 Pakistan
64%
4,9 Afghanistan
61%
7,2 Bangladesh
44%
5,4 Philippines
23%
Aucun quiz correspondant
Distribution des résultats
% des personnes avec chaque résultat
Percentile par nombre de réponses
Votre historique - résultats
Vous n’avez pas pris ce quiz